2857-豊中市(大阪府)の駅(~2013) - Statistics

General Stats
  • This quiz has been taken 5 times
  • The average score is 9 of 11
Answer Stats
Answer % Correct
庄内
100%
服部
100%
曽根
100%
岡町
100%
豊中
100%
蛍池
100%
千里中央
100%
大阪空港
75%
柴原阪大前
50%
緑地公園
50%
小路
0%
No matching quizzes found
Score Distribution
Percent of People with Each Score
Percentile by Number Answered
Your Score History
You have not taken this quiz